01293nam a2200253 i 4500001001000000003000900010005001700019007000300036008004100039040003000080041000800110082002400118100004700142245010600189264005700295300004500352336002700397337003300424338002800457520045000485650002500935650003700960700004200997000026101DO-SdBNP20260521090352.0ta091123s1971 dr a 000 h spa d aDO-SdBNPbspacBNPHUerda aspa 4aRD867.44bP438e2221 aPérez, Mario Emilio,d1935-eautor4aut.10aEstampas dominicanas :b(primera selección) /cMario Emilio Pérez ; prólogo, Juan José Ayuso. 1aSanto Domingo :bEditora Cultural Dominicana,c1971. a149 páginas :bilustraciones ;c22 cm. atextobtxt2rdacontent asin mediaciónbn2rdamedia avolumenbnc2rdacarrier a"Estampas Dominicanas" se refiere a una colección de textos que capturan escenas, costumbres y características de la vida dominicana, a menudo presentadas con un enfoque en la vida cotidiana y el humor del dominicano. El libro, escrito por Mario Emilio Pérez, busca reflejar la identidad cultural del país a través de observaciones detalladas y relatos sobre la vida en barrios, el uso del lenguaje, y la idiosincrasia del dominicano.  4aHumorismo dominicano 4aLiteratura folclorica dominicana1 aAyuso, Juan José,eprologuista4pr.